000 00180 a2200097 4500
020 _a9789806573055
041 _aspa
100 _aanonimo
245 _aVamos y venimos
942 _cBK
999 _c14400
_d14400